00922nam a2200217 i 4500001000700000003000900007005001700016007000300033008004100036100003000077245012300107260011000230300002100340490006500361650001800426700006800444710007200512710003100584830006500615852002400680103743ES-MaACL20250902103430.0t|051117s1920 sp ||||1| spa d1 aMerino Alvarez, Abelardo.10aContra el principio de las nacionalidades / cAbelardo Merino Álvarez ; con un prólogo del marqués de Olivart... aMadrid : b[s.n.], c1920 (fImp. del Patronato de Huérfanos de Intendencia e Intervención Militares) a74 p. ; c24 cm.1 aPublicaciones del Boletín de la Real Sociedad Geográfica14aNacionalidad.1 aOlivart, Ramón María de Dalmau, cMarqués de, d1861-19282 aPatronato de Huérfanos de Intendencia e Intervención Militares.2 aReal Sociedad Geográfica1 aPublicaciones del Boletín de la Real Sociedad Geográfica aES-MaACLj1585-F-22